Lý luận phê bình văn học đầu thế kỷ XX
Saved in:
| Main Author: | |
|---|---|
| Format: | Book |
| Language: | Undetermined |
| Published: |
H.
Giáo Dục
2001
|
| Subjects: | |
| Tags: |
Add Tag
No Tags, Be the first to tag this record!
|
| Institutions: | Trung tâm Học liệu Trường Đại học Cần Thơ |
|---|
| LEADER | 00589nam a2200205Ia 4500 | ||
|---|---|---|---|
| 001 | CTU_55635 | ||
| 008 | 210402s9999 xx 000 0 und d | ||
| 020 | |b 37000 | ||
| 082 | |a 895.92209 | ||
| 082 | |b T305 | ||
| 100 | |a Trần Mạnh Tiến | ||
| 245 | 0 | |a Lý luận phê bình văn học đầu thế kỷ XX | |
| 245 | 0 | |c Trần Mạnh Tiến | |
| 260 | |a H. | ||
| 260 | |b Giáo Dục | ||
| 260 | |c 2001 | ||
| 650 | |a vietnamese literature | ||
| 650 | |x history and criticism | ||
| 650 | |y 20th century | ||
| 980 | |a Trung tâm Học liệu Trường Đại học Cần Thơ | ||